000
00337nam a2200145Ia 4500
008
210210b1953 xxu||||| |||| 00| 0 eng d
041
_a
eng
082
_a
828/147
100
_a
CHAMBERS (Whittaker)
245
_a
Witness
260
_a
London
_b
Andre Deutsch Ltd.,
_c
1953
650
_a
Witness
690
_a
Biography
906
_a
015992
999
_c
135382
_d
135382